| 000 | 01639cam a2200481 ia4500 | ||
|---|---|---|---|
| 001 | zz2006849872 | ||
| 003 | NUKAT | ||
| 005 | 20260410203918.0 | ||
| 008 | 060531s1840 pl |000 0 pol c | ||
| 035 | _a(OCoLC)749709922 | ||
| 035 | _a(NUKAT)zz2006849872 | ||
| 040 |
_aPOZN U/JG _cPOZN U/JG _dPOZN U/RD _dPOZN U/JŁs _dWR O/KP _dWR O/PG |
||
| 041 | 0 |
_apol _alat |
|
| 045 | 2 |
_bd0965 _bd1400 |
|
| 046 | _k1839 | ||
| 099 | _atn_467114 | ||
| 100 | 1 |
_aWiszniewski, Michał _d(1794-1865). _939837 |
|
| 245 | 1 | 0 |
_aMichała Wiszniewskiego Historya literatury polskiej. _nT. 1-. |
| 246 | 3 | 0 | _aHistorya literatury polskiej |
| 246 | 3 | _aHistoria literatury polskiej | |
| 260 |
_aKraków : _bnakł. autora, _c1840- _e(Kraków : _fDruk. S. Gieszkowskiego). |
||
| 300 |
_aWol. ; _c22 cm. |
||
| 336 |
_aTekst _btxt _2rdacontent |
||
| 337 |
_aBez urządzenia pośredniczącego _bn _2rdamedia |
||
| 338 |
_aWolumin _bnc _2rdacarrier |
||
| 380 | _aKsiążki | ||
| 388 | 1 | _a1801-1900 | |
| 500 | _aT. 9-10 nakł. Aleksandra Przeździeckiego, w Drukarni "Czasu". | ||
| 510 | 4 |
_aEstr. XIX, _ct. 5, s. 107 |
|
| 546 | _aTekst częśc. łac. | ||
| 648 | 7 |
_a1001-1100 _2DBN _937677 |
|
| 648 | 7 |
_a1101-1200 _2DBN _936862 |
|
| 648 | 7 |
_a1201-1300 _2DBN _936031 |
|
| 648 | 7 |
_a1301-1400 _2DBN _935871 |
|
| 648 | 7 |
_a901-1000 _2DBN _937680 |
|
| 650 | 7 |
_aLiteratura polska _2DBN _934964 |
|
| 650 | 7 |
_aLiteratura polsko-łacińska _2DBN _939838 |
|
| 650 | 7 |
_aLiteratura polska _xhistoria i krytyka. _2kaba _9351 |
|
| 658 | _aHistoria | ||
| 658 | _aLiteraturoznawstwo | ||
| 700 | 1 |
_aPrzezdziecki, Aleksander _d(1814-1871). _eWyd. _911777 |
|
| 942 |
_2ddc _cBK_NM |
||
| 999 |
_c27518 _d27518 |
||